[Event "43. Olimpiada Batumi 2018 Femenina"]
[Site "Batumi GEO"]
[Date "2018.09.24"]
[Round "1.3"]
[White "Narvaez Talavera, Joanie Ellen"]
[Black "Pavlidou, Ekaterini"]
[Result "0-1"]
[WhiteElo "1670"]
[BlackElo "2194"]
[PlyCount "72"]
[EventDate "2018.09.24"]
[EventType "team-swiss"]
[EventRounds "11"]
[EventCountry "GEO"]
[SourceTitle "Ajedrez en Madrid"]
[Source "lmi"]
[SourceDate "2018.09.24"]
[WhiteTeam "Nicaragua"]
[BlackTeam "Greece"]
[WhiteTeamCountry "NCA"]
[BlackTeamCountry "GRE"]

1. d4 Nf6 2. Bg5 Ne4 3. Bh4 c5 4. d5 Qb6 5. Qc1 Qb4+ 6. c3 Nxc3 7. Qxc3 Qxh4 8.
Qxc5 Na6 9. Qc3 e6 10. Qd2 exd5 11. Nf3 Qf6 12. Nc3 Bb4 13. Rc1 O-O 14. Qxd5 d6
15. Qd4 Qh6 16. e3 Bc5 17. Qd2 Bd7 18. Be2 Rae8 19. Nd4 Nc7 20. O-O a6 21. Bf3
b5 22. Ne4 Bb6 23. Qb4 d5 24. Nc5 a5 25. Qd2 Bc8 26. Qd3 b4 27. Rfd1 Rd8 28.
Qd2 Qd6 29. Na4 Bxd4 30. Qxd4 Be6 31. Qb6 Ne8 32. Rc6 Qe7 33. Qxa5 Nf6 34. b3
Bg4 35. Bxg4 Nxg4 36. Rxd5 Qh4 0-1

[Event "43. Olimpiada Batumi 2018 Femenina"]
[Site "Batumi GEO"]
[Date "2018.09.24"]
[Round "1.4"]
[White "Markantonaki, Haritomeni"]
[Black "Alvarez Gutierrez, Patricia"]
[Result "1-0"]
[WhiteElo "2149"]
[BlackElo "1623"]
[PlyCount "57"]
[EventDate "2018.09.24"]
[EventType "team-swiss"]
[EventRounds "11"]
[EventCountry "GEO"]
[SourceTitle "Ajedrez en Madrid"]
[Source "lmi"]
[SourceDate "2018.09.24"]
[WhiteTeam "Greece"]
[BlackTeam "Nicaragua"]
[WhiteTeamCountry "GRE"]
[BlackTeamCountry "NCA"]

1. e4 c6 2. d4 d5 3. e5 c5 4. dxc5 e6 5. a3 Nc6 6. Nf3 Bxc5 7. b4 Bb6 8. Bd3
Nge7 9. Bb2 Ng6 10. O-O O-O 11. Re1 Bc7 12. Nbd2 b6 13. c4 Bb7 14. Qb3 Nce7 15.
Rad1 Nf4 16. Bb1 dxc4 17. Nxc4 Ned5 18. Qc2 g6 19. h4 Rc8 20. Bc1 Nh5 21. Bg5
Qd7 22. Qd2 Qc6 23. Rc1 Qd7 24. Ne3 f5 25. exf6 Nhxf6 26. Nc4 b5 27. Nce5 Qd6
28. Qd3 Qe7 29. Bh6 1-0

[Event "43. Olimpiada Batumi 2018 Femenina"]
[Site "Batumi GEO"]
[Date "2018.09.24"]
[Round "1.1"]
[White "Khademalsharieh, Sarasadat"]
[Black "Perez Rodriguez, Jennifer"]
[Result "1-0"]
[WhiteElo "2431"]
[BlackElo "2159"]
[PlyCount "107"]
[EventDate "2018.09.24"]
[EventType "team-swiss"]
[EventRounds "11"]
[EventCountry "GEO"]
[SourceTitle "Ajedrez en Madrid"]
[Source "lmi"]
[SourceDate "2018.09.24"]
[WhiteTeam "Iran"]
[BlackTeam "Paraguay"]
[WhiteTeamCountry "IRI"]
[BlackTeamCountry "PAR"]

1. d4 Nf6 2. Nf3 e6 3. c4 d5 4. Nc3 Be7 5. Bf4 O-O 6. Rc1 b6 7. e3 Bb7 8. cxd5
exd5 9. h3 c5 10. Bd3 Nbd7 11. dxc5 bxc5 12. O-O Qa5 13. Re1 Rfd8 14. Nd2 c4
15. Bb1 Nc5 16. Be5 Ne6 17. Qc2 g6 18. Ne2 Nd7 19. Bc3 Qb6 20. b3 cxb3 21. Nxb3
Bb4 22. Qd2 Bxc3 23. Nxc3 Ndc5 24. Nxc5 Qxc5 25. Ne2 Qb6 26. Red1 Rac8 27. Rxc8
Rxc8 28. Bd3 Rc5 29. Rb1 Qc7 30. Qb4 Bc8 31. Qb2 Bd7 32. h4 h5 33. Qf6 Qd8 34.
Qxd8+ Nxd8 35. Rb8 Rc8 36. Rxc8 Bxc8 37. Nf4 Be6 38. Kf1 d4 39. Nxe6 Nxe6 40.
Ke2 dxe3 41. Kxe3 Kg7 42. Bc4 Kf6 43. Ke4 Ke7 44. Ke5 f6+ 45. Ke4 Kd6 46. g3
Nd8 47. f3 f5+ 48. Kf4 Ne6+ 49. Ke3 Nd8 50. Kf4 Ne6+ 51. Bxe6 Kxe6 52. Kg5 Kf7
53. Kh6 Kf6 54. f4 1-0

[Event "43. Olimpiada Batumi 2018 Femenina"]
[Site "Batumi GEO"]
[Date "2018.09.24"]
[Round "1.2"]
[White "Avalos, Leticia"]
[Black "Hejazipour, Mitra"]
[Result "0-1"]
[WhiteElo "1704"]
[BlackElo "2254"]
[PlyCount "66"]
[EventDate "2018.09.24"]
[EventType "team-swiss"]
[EventRounds "11"]
[EventCountry "GEO"]
[SourceTitle "Ajedrez en Madrid"]
[Source "lmi"]
[SourceDate "2018.09.24"]
[WhiteTeam "Paraguay"]
[BlackTeam "Iran"]
[WhiteTeamCountry "PAR"]
[BlackTeamCountry "IRI"]

1. d4 d5 2. c4 e6 3. Nc3 Bb4 4. cxd5 exd5 5. Nf3 Nf6 6. Bg5 h6 7. Bxf6 Qxf6 8.
e3 O-O 9. Be2 c6 10. O-O Bd6 11. Rc1 Bf5 12. a3 Nd7 13. b4 a5 14. Qb3 b5 15.
Ra1 Nb6 16. Rfc1 axb4 17. axb4 Qe7 18. Na2 Nc4 19. Bxc4 bxc4 20. Qb2 Rfb8 21.
Ne5 Qc7 22. f4 f6 23. Nf3 Qe7 24. Qc3 Ra4 25. Nh4 Bd3 26. Qe1 Rba8 27. Nc3 Rxa1
28. Rxa1 Rxa1 29. Qxa1 Qxe3+ 30. Kh1 Qxd4 31. Qa8+ Kh7 32. Qxc6 Qxc3 33. h3
Qe1+ 0-1

[Event "43. Olimpiada Batumi 2018 Femenina"]
[Site "Batumi GEO"]
[Date "2018.09.24"]
[Round "1.3"]
[White "Alinasab, Mobina"]
[Black "Martinez Ramirez, Anahi"]
[Result "1-0"]
[WhiteElo "2261"]
[BlackElo "1510"]
[PlyCount "105"]
[EventDate "2018.09.24"]
[EventType "team-swiss"]
[EventRounds "11"]
[EventCountry "GEO"]
[SourceTitle "Ajedrez en Madrid"]
[Source "lmi"]
[SourceDate "2018.09.24"]
[WhiteTeam "Iran"]
[BlackTeam "Paraguay"]
[WhiteTeamCountry "IRI"]
[BlackTeamCountry "PAR"]

1. e4 e6 2. d4 d5 3. Nd2 c5 4. exd5 Qxd5 5. dxc5 Qxc5 6. Ngf3 Nf6 7. Bd3 Nc6 8.
c3 Bd7 9. Qe2 Bd6 10. O-O O-O 11. Nc4 Bc7 12. Bg5 a6 13. b4 Qe7 14. Nce5 Rad8
15. Ng4 e5 16. Nxf6+ gxf6 17. Qe4 f5 18. Bxe7 fxe4 19. Bxd8 Rxd8 20. Bxe4 f5
21. Bd5+ Kg7 22. Rfd1 Kf6 23. Bb3 e4 24. Nd4 Ne5 25. a4 Nd3 26. Ra2 Bb6 27. Bc4
Bxd4 28. cxd4 Nxb4 29. Rb2 a5 30. Bb3 Nd3 31. Rc2 Bc6 32. d5 Bxd5 33. Bxd5 Rxd5
34. Rc7 Rd4 35. Rxh7 Rxa4 36. Rxb7 Ra2 37. Rf1 f4 38. h4 a4 39. h5 Rc2 40. h6
Rc8 41. h7 Kg6 42. Rfb1 e3 43. R1b6+ Kh5 44. fxe3 fxe3 45. Rb8 e2 46. h8=Q+
Rxh8 47. Rxh8+ Kg5 48. Rg8+ Kf4 49. Rf8+ Ke3 50. Re6+ Kd2 51. Rf2 Nc1 52.
Rexe2+ Nxe2+ 53. Kf1 1-0

[Event "43. Olimpiada Batumi 2018 Femenina"]
[Site "Batumi GEO"]
[Date "2018.09.24"]
[Round "1.4"]
[White "Carreras Colman, Luz Gabriela"]
[Black "Asadi, Motahare"]
[Result "0-1"]
[WhiteElo "1397"]
[BlackElo "2135"]
[PlyCount "72"]
[EventDate "2018.09.24"]
[EventType "team-swiss"]
[EventRounds "11"]
[EventCountry "GEO"]
[SourceTitle "Ajedrez en Madrid"]
[Source "lmi"]
[SourceDate "2018.09.24"]
[WhiteTeam "Paraguay"]
[BlackTeam "Iran"]
[WhiteTeamCountry "PAR"]
[BlackTeamCountry "IRI"]

1. d4 Nf6 2. Nf3 c5 3. c3 d5 4. Bf4 Nc6 5. e3 g6 6. h3 Bg7 7. Nbd2 O-O 8. Bd3
Re8 9. Bh2 Nd7 10. O-O e5 11. dxe5 Ndxe5 12. Bc2 Be6 13. Nb3 Nxf3+ 14. Qxf3 Qb6
15. Rab1 a5 16. Qd1 Rad8 17. a4 d4 18. exd4 cxd4 19. cxd4 Bxb3 20. Bxb3 Nxd4
21. Bc4 Ne2+ 22. Qxe2 Rxe2 23. Bxe2 Rd2 24. Rfe1 Bd4 25. Bg3 Qb3 26. Bf3 Kg7
27. Be5+ Bxe5 28. Rxe5 Qxa4 29. Ree1 Qd4 30. Rf1 Rxb2 31. Bxb7 a4 32. Rbd1 Rd2
33. Ra1 Rxf2 34. Rxf2 Qxa1+ 35. Rf1 Qd4+ 36. Kh1 a3 0-1

[Event "43. Olimpiada Batumi 2018 Femenina"]
[Site "Batumi GEO"]
[Date "2018.09.24"]
[Round "1.1"]
[White "dos Ramos, Rosangela"]
[Black "Stockova, Zuzana"]
[Result "0-1"]
[WhiteElo "1788"]
[BlackElo "2290"]
[PlyCount "134"]
[EventDate "2018.09.24"]
[EventType "team-swiss"]
[EventRounds "11"]
[EventCountry "GEO"]
[SourceTitle "Ajedrez en Madrid"]
[Source "lmi"]
[SourceDate "2018.09.24"]
[WhiteTeam "Surinam"]
[BlackTeam "Slovakia"]
[WhiteTeamCountry "SUR"]
[BlackTeamCountry "SVK"]

1. Nf3 Nf6 2. g3 g6 3. Bg2 Bg7 4. O-O O-O 5. d3 d5 6. c3 c5 7. Nbd2 Nc6 8. Qc2
a5 9. a4 b6 10. e4 e6 11. Re1 Ba6 12. exd5 exd5 13. Nb1 d4 14. c4 Nb4 15. Qd1
Ra7 16. Na3 Re8 17. Rxe8+ Nxe8 18. Nc2 Nc6 19. b3 Bc8 20. Bf4 h6 21. h4 Bf5 22.
Qd2 Kh7 23. Re1 Re7 24. Rxe7 Qxe7 25. Kf1 Qd7 26. Qe2 Nf6 27. Ne5 Nxe5 28. Bxe5
Bg4 29. Qd2 Qe7 30. Bxf6 Bxf6 31. Qe1 Qd7 32. Na3 Kg7 33. Nb1 Qf5 34. Be4 Bh3+
35. Kg1 Qe5 36. Nd2 Bg4 37. f3 Bd7 38. Qf2 Bd8 39. Bd5 Bc7 40. Ne4 g5 41. Qg2
gxh4 42. gxh4+ Kf8 43. Qd2 Qh5 44. Qf2 Bf4 45. Kf1 Bh3+ 46. Ke2 Qe5 47. Kd1 f5
48. Nd2 Be3 49. Qe1 Qh2 50. Bc6 Kf7 51. Bd5+ Kf6 52. Qe2 Qg1+ 53. Qe1 Qh2 54.
Qe2 Qf4 55. Qe1 Ke5 56. Ba8 Qh2 57. h5 Qxd2+ 58. Qxd2 Bxd2 59. Kxd2 Kf4 60. Bd5
Bf1 61. Bc6 Kg3 62. Bd7 f4 63. Bc6 Kf2 64. Be4 Be2 65. Bg6 Bxf3 66. Bf7 Bg2 67.
Be6 f3 0-1

[Event "43. Olimpiada Batumi 2018 Femenina"]
[Site "Batumi GEO"]
[Date "2018.09.24"]
[Round "1.2"]
[White "Cibickova, Zuzana"]
[Black "Tjong Tjin Joe, Kaithlyn"]
[Result "1/2-1/2"]
[WhiteElo "2268"]
[BlackElo "1683"]
[PlyCount "88"]
[EventDate "2018.09.24"]
[EventType "team-swiss"]
[EventRounds "11"]
[EventCountry "GEO"]
[SourceTitle "Ajedrez en Madrid"]
[Source "lmi"]
[SourceDate "2018.09.24"]
[WhiteTeam "Slovakia"]
[BlackTeam "Surinam"]
[WhiteTeamCountry "SVK"]
[BlackTeamCountry "SUR"]

1. e4 e5 2. Nf3 Nc6 3. Bc4 Bc5 4. c3 Nf6 5. d3 d6 6. O-O O-O 7. Nbd2 a6 8. Bb3
Be6 9. h3 Qd7 10. Nc4 b5 11. Ne3 Nh5 12. Bc2 Nf4 13. Re1 Bxh3 14. gxh3 Qxh3 15.
d4 exd4 16. cxd4 Nxd4 17. Nxd4 Bxd4 18. Qg4 Bxe3 19. Qxh3 Nxh3+ 20. Kg2 Bxc1
21. Raxc1 Nf4+ 22. Kg3 Ne6 23. Bb3 Rac8 24. Bd5 Nc5 25. Red1 c6 26. b4 cxd5 27.
bxc5 Rxc5 28. Rxc5 dxc5 29. exd5 Rd8 30. Kf4 f6 31. Ke4 Kf7 32. Rc1 c4 33. Kd4
g5 34. Rh1 Kg6 35. Kc5 c3 36. d6 c2 37. Rc1 Kf7 38. Kc6 Rc8+ 39. Kd7 Rc4 40.
Kd8 a5 41. d7 b4 42. f4 gxf4 43. a4 b3 44. Rxc2 Rxc2 1/2-1/2

[Event "43. Olimpiada Batumi 2018 Femenina"]
[Site "Batumi GEO"]
[Date "2018.09.24"]
[Round "1.3"]
[White "Kaslan, Catherine"]
[Black "Motycakova, Monika"]
[Result "0-1"]
[WhiteElo "1735"]
[BlackElo "2198"]
[PlyCount "66"]
[EventDate "2018.09.24"]
[EventType "team-swiss"]
[EventRounds "11"]
[EventCountry "GEO"]
[SourceTitle "Ajedrez en Madrid"]
[Source "lmi"]
[SourceDate "2018.09.24"]
[WhiteTeam "Surinam"]
[BlackTeam "Slovakia"]
[WhiteTeamCountry "SUR"]
[BlackTeamCountry "SVK"]

1. e4 e5 2. Nf3 Nc6 3. d4 exd4 4. Nxd4 Bc5 5. Be3 Qf6 6. c3 Nge7 7. g3 h5 8. h4
d5 9. Bg2 Bg4 10. Qa4 Bd7 11. Qd1 dxe4 12. Bxe4 O-O-O 13. O-O Bh3 14. Bg5 Qe5
15. Bxc6 Bxf1 16. Qxf1 bxc6 17. Bxe7 Bxd4 18. Bxd8 Qxg3+ 19. Kh1 Bxf2 20. Bg5
Re8 21. Na3 f6 22. Qg2 fxg5 23. Qxg3 Bxg3 24. hxg5 Re5 25. Kg2 Rxg5 26. Kh3 h4
27. Rf1 Kd7 28. Rf7+ Ke6 29. Rf3 Rf5 30. Re3+ Kf6 31. Nc4 Kg5 32. Nd2 Kh5 33.
Ne4 Be5 0-1

[Event "43. Olimpiada Batumi 2018 Femenina"]
[Site "Batumi GEO"]
[Date "2018.09.24"]
[Round "1.4"]
[White "Ferkova, Dominika"]
[Black "Frijde, Reyna"]
[Result "1-0"]
[WhiteElo "2060"]
[BlackElo "1559"]
[PlyCount "137"]
[EventDate "2018.09.24"]
[EventType "team-swiss"]
[EventRounds "11"]
[EventCountry "GEO"]
[SourceTitle "Ajedrez en Madrid"]
[Source "lmi"]
[SourceDate "2018.09.24"]
[WhiteTeam "Slovakia"]
[BlackTeam "Surinam"]
[WhiteTeamCountry "SVK"]
[BlackTeamCountry "SUR"]

1. d4 d5 2. c4 e6 3. Nc3 Nf6 4. Nf3 Nbd7 5. Bg5 Be7 6. e3 O-O 7. Bd3 c6 8. O-O
b6 9. Rc1 Bb7 10. Qe2 c5 11. Rfd1 Rc8 12. b3 Ne4 13. Bxe7 Qxe7 14. Ne5 Nxe5 15.
dxe5 Nxc3 16. Rxc3 dxc4 17. Bxc4 Rfd8 18. Rcd3 Rxd3 19. Qxd3 h6 20. f4 Qc7 21.
Qd7 a6 22. Qxc7 Rxc7 23. Rd8+ Kh7 24. a4 g6 25. Rd6 b5 26. axb5 axb5 27. Bxb5
Kg7 28. Kf2 Bd5 29. Bc4 Be4 30. g3 h5 31. Ke2 Rc8 32. Ra6 Kf8 33. Ra5 Ke7 34.
Bd3 Bd5 35. Bc2 Rc7 36. e4 Bb7 37. Bd3 Kd8 38. Ke3 Kc8 39. Bc4 Kd8 40. Ra7 Kc8
41. Ra5 Kd8 42. h3 Bc8 43. Ra8 Ke7 44. Kd2 Bb7 45. Ra7 Kd8 46. Bd3 Rd7 47. Kc3
Kc8 48. Ra5 Rc7 49. Ba6 Bxa6 50. Rxa6 Kb7 51. Rd6 Rc6 52. Rd7+ Rc7 53. Rd8 Kc6
54. Kc4 Kb6 55. Rb8+ Kc6 56. Rd8 Kb6 57. Rd6+ Ka5 58. h4 Rb7 59. Rd8 Rc7 60.
Rb8 Ka6 61. Rb5 Rc6 62. Rxc5 Rb6 63. Rc7 Rb7 64. Rxb7 Kxb7 65. Kb5 Kc7 66. Ka6
Kb8 67. b4 Kc7 68. b5 Kb8 69. Kb6 1-0

[Event "43. Olimpiada Batumi 2018 Femenina"]
[Site "Batumi GEO"]
[Date "2018.09.24"]
[Round "1.1"]
[White "Amura, Claudia"]
[Black "Vazquez Maccarini, Danitza"]
[Result "1-0"]
[WhiteElo "2249"]
[BlackElo "2082"]
[PlyCount "151"]
[EventDate "2018.09.24"]
[EventType "team-swiss"]
[EventRounds "11"]
[EventCountry "GEO"]
[SourceTitle "Ajedrez en Madrid"]
[Source "lmi"]
[SourceDate "2018.09.24"]
[WhiteTeam "Argentina"]
[BlackTeam "Puerto Rico"]
[WhiteTeamCountry "ARG"]
[BlackTeamCountry "PUR"]

1. d4 Nf6 2. Nf3 e6 3. g3 c5 4. Bg2 Nc6 5. O-O cxd4 6. Nxd4 Bc5 7. Nb3 Be7 8.
c4 d5 9. cxd5 Nxd5 10. a3 O-O 11. Qc2 Bd7 12. e4 Nb6 13. Rd1 Rc8 14. Nc3 Na4
15. Nxa4 Nd4 16. Nxd4 Rxc2 17. Nxc2 Qc8 18. Nc3 Ba4 19. Rd2 Rd8 20. Ne1 Bb3 21.
Rxd8+ Qxd8 22. Be3 b6 23. Bf1 Bc5 24. Bxc5 bxc5 25. Nf3 g5 26. h3 h5 27. g4
hxg4 28. hxg4 Qf6 29. Nd2 Ba4 30. Nxa4 Qd4 31. Nc4 Qxe4 32. Rc1 Qxg4+ 33. Bg2
Qf4 34. Rc3 Qg4 35. Nxc5 Qd1+ 36. Kh2 Qh5+ 37. Kg1 Qd1+ 38. Kh2 Qh5+ 39. Rh3
Qe2 40. Nd3 f6 41. b4 Qc2 42. Na5 f5 43. Nc6 g4 44. Rg3 Kh8 45. Nce5 Kh7 46. f3
gxf3 47. Nxf3 Qa2 48. Nf4 Kh8 49. Ng5 e5 50. Ng6+ Kg7 51. Nxe5 f4 52. Rd3 Kf6
53. Nef3 Ke7 54. Nh3 Qc4 55. Rd4 Qb3 56. Nxf4 Qxa3 57. Kg3 Qa4 58. Bh3 a5 59.
Rd7+ Ke8 60. Nd5 axb4 61. Nf6+ Kf8 62. Be6 Qxd7 63. Nxd7+ Ke7 64. Bf5 Kd6 65.
Kf4 b3 66. Nde5 Kc5 67. Ke3 Kb4 68. Kd4 Ka3 69. Kc3 Ka2 70. Nd2 b2 71. Nec4
b1=Q 72. Nxb1 Ka1 73. Kc2 Ka2 74. Be6 Ka1 75. Kc1 Ka2 76. Ne3+ 1-0

[Event "43. Olimpiada Batumi 2018 Femenina"]
[Site "Batumi GEO"]
[Date "2018.09.24"]
[Round "1.2"]
[White "Comas Colon, Rinelly M"]
[Black "Fernandez, Maria Florencia"]
[Result "0-1"]
[WhiteElo "1720"]
[BlackElo "2219"]
[PlyCount "80"]
[EventDate "2018.09.24"]
[EventType "team-swiss"]
[EventRounds "11"]
[EventCountry "GEO"]
[SourceTitle "Ajedrez en Madrid"]
[Source "lmi"]
[SourceDate "2018.09.24"]
[WhiteTeam "Puerto Rico"]
[BlackTeam "Argentina"]
[WhiteTeamCountry "PUR"]
[BlackTeamCountry "ARG"]

1. c4 Nf6 2. g3 g6 3. Bg2 Bg7 4. Nc3 O-O 5. e4 d6 6. d3 e5 7. Nge2 Nc6 8. O-O
Nh5 9. f4 Bg4 10. h3 Bxe2 11. Nxe2 exf4 12. Bxf4 Nxf4 13. gxf4 Bxb2 14. Rb1
Bd4+ 15. Nxd4 Nxd4 16. Rxb7 Rb8 17. Rxb8 Qxb8 18. Qb1 Ne2+ 19. Kh2 Qxb1 20.
Rxb1 Nxf4 21. Rb7 c5 22. Bf1 a5 23. a4 Kg7 24. Kg3 Nh5+ 25. Kf3 Re8 26. Be2 Kf6
27. Ra7 g5 28. Rxa5 Nf4 29. Bf1 Ne6 30. Ra6 Ke5 31. a5 h5 32. Ra7 Nd4+ 33. Ke3
f5 34. exf5 Nxf5+ 35. Kd2 Rb8 36. Kc1 Kd4 37. a6 Re8 38. Rf7 Kc3 39. Kb1 Nd4
40. Rf2 Re1+ 0-1

[Event "43. Olimpiada Batumi 2018 Femenina"]
[Site "Batumi GEO"]
[Date "2018.09.24"]
[Round "1.3"]
[White "Martinez, Ayelen"]
[Black "Vega Jimenez, Keyshla M"]
[Result "1-0"]
[WhiteElo "2215"]
[BlackElo "1683"]
[PlyCount "57"]
[EventDate "2018.09.24"]
[EventType "team-swiss"]
[EventRounds "11"]
[EventCountry "GEO"]
[SourceTitle "Ajedrez en Madrid"]
[Source "lmi"]
[SourceDate "2018.09.24"]
[WhiteTeam "Argentina"]
[BlackTeam "Puerto Rico"]
[WhiteTeamCountry "ARG"]
[BlackTeamCountry "PUR"]

1. e4 c5 2. Nf3 e6 3. d4 cxd4 4. Nxd4 a6 5. Bd3 Qc7 6. O-O Nf6 7. c4 Be7 8. Qe2
d6 9. f4 Nbd7 10. Nc3 b6 11. Bd2 Bb7 12. Rac1 Rc8 13. b4 g6 14. a3 O-O 15. Rce1
Rfd8 16. Nf3 Bf8 17. Qf2 Bg7 18. Qh4 Nh5 19. Rc1 Nb8 20. g4 Nf6 21. f5 e5 22.
Ng5 Nbd7 23. fxg6 hxg6 24. Rf3 Kf8 25. Rcf1 Ke7 26. Nh7 Rh8 27. Bg5 Ke6 28.
Bxf6 Nf8 29. Bxg7 1-0

[Event "43. Olimpiada Batumi 2018 Femenina"]
[Site "Batumi GEO"]
[Date "2018.09.24"]
[Round "1.4"]
[White "Maldonado Polo, Mariangeli"]
[Black "Zuriel, Marisa"]
[Result "0-1"]
[WhiteElo "1274"]
[BlackElo "2186"]
[PlyCount "148"]
[EventDate "2018.09.24"]
[EventType "team-swiss"]
[EventRounds "11"]
[EventCountry "GEO"]
[SourceTitle "Ajedrez en Madrid"]
[Source "lmi"]
[SourceDate "2018.09.24"]
[WhiteTeam "Puerto Rico"]
[BlackTeam "Argentina"]
[WhiteTeamCountry "PUR"]
[BlackTeamCountry "ARG"]

1. e4 c5 2. Nf3 e6 3. d4 cxd4 4. Nxd4 a6 5. Be2 Nf6 6. Nc3 Qc7 7. a3 Be7 8. O-O
O-O 9. h3 Nc6 10. Nf3 d6 11. Bg5 b5 12. Qd2 Bb7 13. Rad1 Rfd8 14. Rfe1 Rac8 15.
Bd3 Ne5 16. Qf4 Nh5 17. Qh4 Nxf3+ 18. gxf3 Bxg5 19. Qxg5 g6 20. Kh1 Qc5 21. Rg1
Qxg5 22. Rxg5 f6 23. Rgg1 Kf7 24. Rge1 Nf4 25. Kh2 g5 26. Kg3 Ng6 27. Ne2 Rg8
28. Nd4 Ke7 29. c3 h5 30. Bb1 h4+ 31. Kh2 Nf4 32. Ba2 Rgd8 33. Ne2 Nxe2 34.
Rxe2 Rc5 35. Kg2 a5 36. Rc1 Rdc8 37. Rec2 f5 38. Re1 Re5 39. Rce2 fxe4 40. fxe4
Rf8 41. f3 Rc8 42. Rc1 Rec5 43. Rec2 b4 44. c4 bxa3 45. bxa3 d5 46. e5 Ba6 47.
Kf2 dxc4 48. Rb2 R8c6 49. f4 gxf4 50. Kf3 Rxe5 51. Kxf4 Kf6 52. Rbc2 Rec5 53.
Kg4 Rc8 54. Kxh4 Rh8+ 55. Kg3 Rch5 56. Rh2 Rg5+ 57. Kf4 Rh4+ 58. Kf3 Bb7+ 59.
Kf2 Bd5 60. Rc3 Rf4+ 61. Ke2 Rh4 62. Kd2 Ke5 63. Kc2 Be4+ 64. Kb2 Bd3 65. Bb1
Kd4 66. Bxd3 cxd3 67. Kb3 Rb5+ 68. Ka4 Kxc3+ 69. Kxb5 Rh5+ 70. Kc6 d2 71. Rh1
Kc2 72. Rh2 Kc1 73. Rh1+ d1=Q 74. Rxd1+ Kxd1 0-1

[Event "43. Olimpiada Batumi 2018 Femenina"]
[Site "Batumi GEO"]
[Date "2018.09.24"]
[Round "1.1"]
[White "Johnson, Gabriella"]
[Black "Tokhirjonova, Gulrukhbegim"]
[Result "0-1"]
[WhiteElo "1840"]
[BlackElo "2369"]
[PlyCount "72"]
[EventDate "2018.09.24"]
[EventType "team-swiss"]
[EventRounds "11"]
[EventCountry "GEO"]
[SourceTitle "Ajedrez en Madrid"]
[Source "lmi"]
[SourceDate "2018.09.24"]
[WhiteTeam "Trinidad & Tobago"]
[BlackTeam "Uzbekistan"]
[BlackTeamCountry "UZB"]

1. e4 e5 2. Nf3 Nc6 3. Bc4 Bc5 4. O-O Nf6 5. d3 a6 6. a4 d6 7. h3 h6 8. c3 O-O
9. Re1 Ba7 10. Nbd2 Ne7 11. Nf1 Ng6 12. b4 Be6 13. Bxe6 fxe6 14. Be3 Nh5 15.
Bxa7 Rxa7 16. Ra2 Nhf4 17. Re3 Ra8 18. Kh2 d5 19. d4 exd4 20. Qxd4 e5 21. Qd2
Qd6 22. g3 dxe4 23. Qxd6 cxd6 24. N3d2 Nd5 25. Nxe4 Nxe3 26. Nxe3 Rad8 27. Rd2
Ne7 28. Kg2 d5 29. Nc5 d4 30. Nc4 dxc3 31. Rc2 b5 32. axb5 axb5 33. Nxe5 Rd2
34. Rxc3 Rdxf2+ 35. Kg1 Rf1+ 36. Kg2 R8f2# 0-1

[Event "43. Olimpiada Batumi 2018 Femenina"]
[Site "Batumi GEO"]
[Date "2018.09.24"]
[Round "1.2"]
[White "Kurbonboeva, Sarvinoz"]
[Black "Soondarsingh, Aditi"]
[Result "1-0"]
[WhiteElo "2202"]
[BlackElo "1719"]
[PlyCount "75"]
[EventDate "2018.09.24"]
[EventType "team-swiss"]
[EventRounds "11"]
[EventCountry "GEO"]
[SourceTitle "Ajedrez en Madrid"]
[Source "lmi"]
[SourceDate "2018.09.24"]
[WhiteTeam "Uzbekistan"]
[BlackTeam "Trinidad & Tobago"]
[WhiteTeamCountry "UZB"]

1. d4 d5 2. c4 c6 3. Nc3 e6 4. cxd5 exd5 5. Qc2 Bd6 6. Nf3 Ne7 7. Bg5 f6 8. Bh4
Bf5 9. Qd2 Nd7 10. e3 Nb6 11. Bg3 O-O 12. Nh4 Rc8 13. Be2 Be6 14. Bd3 g5 15.
Nf3 Bf5 16. Bxd6 Qxd6 17. Bxf5 Nxf5 18. g4 Ne7 19. h4 gxh4 20. O-O-O Ng6 21.
Nxh4 Nxh4 22. Rxh4 Rf7 23. Rdh1 c5 24. Qd3 Qd7 25. dxc5 Rxc5 26. Kb1 Nc4 27.
Qd4 Qc7 28. Nxd5 Qc6 29. Rh5 Ne5 30. e4 Nd7 31. g5 Rc4 32. Qe3 Qe6 33. g6 Rg7
34. gxh7+ Kh8 35. R5h4 Nf8 36. Qh6 Rf7 37. f3 Rxh7 38. Qxf8+ 1-0

[Event "43. Olimpiada Batumi 2018 Femenina"]
[Site "Batumi GEO"]
[Date "2018.09.24"]
[Round "1.3"]
[White "Yearwood, Shannon"]
[Black "Nadirjanova, Nodira"]
[Result "0-1"]
[WhiteElo "1608"]
[BlackElo "2167"]
[PlyCount "60"]
[EventDate "2018.09.24"]
[EventType "team-swiss"]
[EventRounds "11"]
[EventCountry "GEO"]
[SourceTitle "Ajedrez en Madrid"]
[Source "lmi"]
[SourceDate "2018.09.24"]
[WhiteTeam "Trinidad & Tobago"]
[BlackTeam "Uzbekistan"]
[BlackTeamCountry "UZB"]

1. e4 e6 2. d4 d5 3. exd5 exd5 4. c4 Nf6 5. Nc3 Bb4 6. Qb3 Nc6 7. Nge2 dxc4 8.
Qxc4 O-O 9. Bd2 Be6 10. Qd3 Re8 11. a3 Bf8 12. Be3 Ne5 13. Qc2 Nc4 14. Ng3 Nxe3
15. fxe3 c5 16. Bb5 Bd7 17. O-O Bxb5 18. Nxb5 a6 19. Nc3 cxd4 20. exd4 Qxd4+
21. Kh1 Rad8 22. Rad1 Qb6 23. Na4 Qe6 24. Rxd8 Rxd8 25. b4 Rc8 26. Qd3 Ng4 27.
Ne4 Qxe4 28. Qd7 Qf4 29. Rxf4 Rc1+ 30. Rf1 Rxf1# 0-1

[Event "43. Olimpiada Batumi 2018 Femenina"]
[Site "Batumi GEO"]
[Date "2018.09.24"]
[Round "1.4"]
[White "Baymuratova, Sevara"]
[Black "James, Shemilah"]
[Result "1-0"]
[WhiteElo "2124"]
[BlackElo "1535"]
[PlyCount "123"]
[EventDate "2018.09.24"]
[EventType "team-swiss"]
[EventRounds "11"]
[EventCountry "GEO"]
[SourceTitle "Ajedrez en Madrid"]
[Source "lmi"]
[SourceDate "2018.09.24"]
[WhiteTeam "Uzbekistan"]
[BlackTeam "Trinidad & Tobago"]
[WhiteTeamCountry "UZB"]

1. d4 d5 2. c4 c6 3. Nf3 Nf6 4. Nc3 e6 5. Bg5 Nbd7 6. e3 Be7 7. Qc2 O-O 8. Bd3
dxc4 9. Bxc4 b5 10. Bd3 h6 11. Bxf6 Nxf6 12. O-O Bb7 13. Ne5 a6 14. Ne4 Rc8 15.
Nc5 Bxc5 16. Qxc5 Nd7 17. Nxd7 Qxd7 18. Be4 f5 19. Bf3 Rf6 20. Rac1 Rg6 21. b4
Rg5 22. h4 Rg6 23. Bh5 Rf6 24. f4 Rd8 25. Bf3 Rc8 26. h5 Rc7 27. Qe5 Rc8 28.
Rc5 Qe8 29. Rfc1 Kh8 30. a4 bxa4 31. Ra1 Qd7 32. Rxa4 Qc7 33. Qxc7 Rxc7 34. Be2
g6 35. hxg6 Rxg6 36. Bxa6 Bxa6 37. Rxa6 Rcg7 38. Ra2 Rg3 39. Re5 R3g6 40. Rc5
h5 41. Rxc6 h4 42. Kh2 Kh7 43. b5 Rg8 44. b6 Rb8 45. Rc7+ Kh6 46. b7 Rg7 47.
Rxg7 Kxg7 48. Rb2 Kf7 49. Kh3 Ke7 50. Kxh4 Rh8+ 51. Kg5 Rg8+ 52. Kh6 Rh8+ 53.
Kg7 Rb8 54. Rb6 Kd8 55. Kf7 Kc7 56. Rxe6 Kxb7 57. d5 Kc7 58. Ke7 Rb7 59. Rc6+
Kb8+ 60. Ke6 Rb3 61. Kxf5 Rxe3 62. g4 1-0

[Event "43. Olimpiada Batumi 2018 Femenina"]
[Site "Batumi GEO"]
[Date "2018.09.24"]
[Round "1.1"]
[White "Melnik, Galina"]
[Black "Paehtz, Elisabeth"]
[Result "0-1"]
[WhiteElo "1872"]
[BlackElo "2513"]
[PlyCount "66"]
[EventDate "2018.09.24"]
[EventType "team-swiss"]
[EventRounds "11"]
[EventCountry "GEO"]
[SourceTitle "Ajedrez en Madrid"]
[Source "lmi"]
[SourceDate "2018.09.24"]
[WhiteTeam "IPCA"]
[BlackTeam "Germany"]
[BlackTeamCountry "GER"]

1. d4 e6 2. c4 b6 3. Nf3 Bb7 4. Nc3 f5 5. e3 Nf6 6. d5 Na6 7. Nd4 Qe7 8. Be2 g6
9. Bf3 exd5 10. cxd5 Qe5 11. d6 c6 12. O-O Bxd6 13. g3 O-O 14. b3 Nc5 15. Bb2
Qe7 16. Qc2 Rae8 17. Rfe1 Nce4 18. Bg2 c5 19. Nf3 Bb8 20. Rad1 d5 21. Nd2 Rd8
22. Nf1 Rfe8 23. f3 Ng5 24. Qc1 Ne6 25. Nd2 Qf7 26. e4 d4 27. exf5 gxf5 28.
Ncb1 f4 29. Nf1 Nd5 30. Qc2 Ne3 31. Nxe3 fxe3 32. Qe2 Qh5 33. Na3 Ng5 0-1